| 000 | 00905nam a22002297a 4500 | ||
|---|---|---|---|
| 999 |
_c16178 _d16178 |
||
| 003 | AR-CdUCM | ||
| 008 | 190502b ||||| |||| 00| 0 spa d | ||
| 040 |
_aMUNICIPALIDAD PROVINCIAL DEL CUSCO _cBIBLIOTECA MUNICIPAL DEL CUSCO |
||
| 082 |
_a301.243 / _bN31 |
||
| 100 |
_aNaville, Pierre _935466 |
||
| 245 |
_aHacia el automatismo social : _bproblemas del trabajo y de la automoción / |
||
| 260 |
_aMéxico, D. F : _bFondo de Cultura Económica, _c1965. |
||
| 300 |
_a298 páginas ; _c17.5 cm. |
||
| 440 |
_aColección Popular. Tiempo presente ; _n68 _935467 |
||
| 505 | _aContenido: Problemas de la automoción -- El nivel de la automatización -- Automoción y enajenación ... | ||
| 650 |
_aAutomatización _935468 |
||
| 650 |
_aAspectos económicos _9261 |
||
| 650 |
_aFrancia _91444 |
||
| 700 |
_aSilva de Salazar, Teresa, (traductora) _935469 |
||
| 942 |
_2ddc _cLIBROS |
||
| 945 |
_aacv _d20019-05-02 |
||